Aquamarine blue 5 (Record no. 83568)
[ view plain ]
| 000 -LEADER | |
|---|---|
| fixed length control field | 01432nam a2200361Ia 4500 |
| 082 04 - DEWEY DECIMAL CLASSIFICATION NUMBER | |
| Classification number | 371.94 |
| 245 00 - TITLE STATEMENT | |
| Title | Aquamarine blue 5 |
| 260 ## - PUBLICATION, DISTRIBUTION, ETC. (IMPRINT) | |
| Place of publication | Athens : |
| Name of publisher | Swallow Press/Ohio University Press, |
| Year of publication | c2002. |
| 300 ## - PHYSICAL DESCRIPTION | |
| Number of Pages | xxiv, 134 p. |
| 650 #0 - SUBJECT ADDED ENTRY--TOPICAL TERM | |
| Topical Term | Autistic youth |
| Topical Term | College students with disabilities |
| Topical Term | College students' writings. |
| 700 1# - ADDED ENTRY--PERSONAL NAME | |
| Personal name | Prince-Hughes, Dawn, |
| 856 40 - ELECTRONIC LOCATION AND ACCESS | |
| Uniform Resource Identifier | http://site.ebrary.com/lib/rucke/Doc?id=10137845 |
No items available.
